La Gestió per processos de la Diputació de Barcelona /
Descripción Física:
77 pàgines : taules, gràfic ; 29 cm
Colección:
Eines de gestió corporativa
MARC
| LEADER | 00000nam a2200000Ia 4500 | ||
|---|---|---|---|
| 001 | 26433 | ||
| 008 | 160829s2010 xx 000 0 cat d | ||
| 017 | |a DL B-10365-2010 | ||
| 080 | |a Bib-896 | ||
| 245 | 0 | 3 | |a La Gestió per processos de la Diputació de Barcelona / |c coordinació: Àrea de Presidència. Gerència |
| 250 | |a Primera edició | ||
| 260 | |a Barcelona : |b Diputació de Barcelona, |c gener 2010 | ||
| 300 | |a 77 pàgines : |b taules, gràfic ; |c 29 cm | ||
| 490 | |a Eines de gestió corporativa | ||
| 610 | 0 | |a Barcelona (Catalunya : Província). |b Diputació |x Direcció i administració |9 53192 | |
| 650 | |a Cicle de treball |9 43970 | ||
| 710 | |a Barcelona (Catalunya : Província). |b Àrea de Presidència |e entitat coordinadora |9 52558 | ||
| 901 | |a Arxiu | ||
| 942 | |n 1 |2 udc |c ARXIU | ||
| 952 | |0 0 |1 0 |4 0 |6 BIB897 |7 1 |9 63399 |a Arxiu |b Arxiu |d 2022-08-11 |o Bib-897 |p 26433 |r 2022-08-11 00:00:00 |w 2022-08-11 |y ARXIU | ||
| 999 | |c 55554 |d 55554 | ||